|
|
|
|
| LEADER |
00000nab a2200000 a 4500 |
| 001 |
vtls010060147 |
| 003 |
SK-MaSNL |
| 005 |
20260318114705.0 |
| 008 |
171110c2009 xo wr p 000 c0ukr |
| 015 |
|
|
|a SNBRB2010/02
|
| 038 |
|
|
|a SVKPOCL
|
| 040 |
|
|
|a SVKPOCL
|b slo
|c SVKPOCL
|e AACR2
|
| 041 |
0 |
|
|a ukr
|
| 044 |
|
|
|a xo
|c SK
|
| 080 |
|
|
|a [80(=161.2)+908(477)]-051
|2 2001
|
| 080 |
|
|
|a 378.011.3-051
|2 2001
|
| 080 |
|
|
|a 82.0-051
|2 2001
|
| 080 |
|
|
|a 929 Babotová, Ľubica
|2 2001
|
| 100 |
1 |
|
|a Roman, Michal,
|d 1930-
|4 aut
|9 90937
|
| 245 |
1 |
0 |
|a Vydatnyj karpatoznavec'
|b (do juvileju Ljubyci Baboty)
|c Mychajlo Roman
|
| 300 |
|
|
|b Fotogr.
|
| 600 |
1 |
7 |
|a Babotová, Ľubica,
|d 1944-
|2 svkpocl
|9 101168
|
| 650 |
0 |
7 |
|a osobnosti
|2 snkbucl
|9 29820
|
| 650 |
0 |
7 |
|a ukrajinisti
|2 svkpocl
|9 24386
|
| 650 |
0 |
7 |
|a vysokoškolskí učitelia
|2 svkpocl
|9 66590
|
| 650 |
0 |
7 |
|a literárni vedci
|2 svkpocl
|9 220855
|
| 651 |
|
7 |
|a Piešťany (Slovensko)
|2 svkpocl
|9 23981
|
| 651 |
|
7 |
|a Prešov (Slovensko)
|2 svkpocl
|9 17347
|
| 655 |
|
7 |
|a biografie
|2 svkpocl
|9 27965
|
| 773 |
0 |
|
|t Nove žyttja
|g Roč. 59, č. 35-36 (2009), s. 7
|
| 852 |
|
|
|a SVKPO
|b KIS3GCP
|
| 958 |
|
|
|a UK
|
| 958 |
|
|
|a SK
|
| 958 |
|
|
|a LX
|
| 958 |
|
|
|a BX
|
| 999 |
|
|
|c 3287692
|d 3289622
|